|
|
|
|
| LEADER |
00000nam a2200000Ii 4500 |
| 001 |
DIGEDBONAV0092 |
| 003 |
NyNyDIG |
| 008 |
230511s2020 ck ad ob 000 0 spa d |
| 006 |
m o d |
| 007 |
cr ||||||||||| |
| 035 |
|
|
|a (OCoLC)1380643411
|
| 040 |
|
|
|a DGITA
|b eng
|e rda
|e pn
|c DGITA
|
| 020 |
|
|
|a 9789585415607
|q eBook
|
| 050 |
1 |
4 |
|a QK600 ebook
|
| 245 |
0 |
0 |
|a Hongos y sus aplicaciones en agroindustria :
|b casos de investigación /
|c Johannes Delgado Ospina [and 4 others].
|
| 264 |
|
1 |
|a Colombia, Suramérica :
|b Editorial Bonaventuriana,
|c 2020.
|
| 300 |
|
|
|a 1 online resource :
|b illustrations, charts.
|
| 336 |
|
|
|a text
|b txt
|2 rdacontent
|
| 337 |
|
|
|a computer
|b c
|2 rdamedia
|
| 338 |
|
|
|a online resource
|b cr
|2 rdacarrier
|
| 347 |
|
|
|a text file
|2 rdaft
|
| 347 |
|
|
|b PDF
|
| 504 |
|
|
|a Includes bibliographical references.
|
| 588 |
0 |
|
|a Online resource; title from PDF title page (Digitalia, viewed May 11, 2023)
|
| 650 |
|
0 |
|a Fungi.
|
| 650 |
|
0 |
|a Fungi
|x Industrial applications.
|
| 650 |
|
0 |
|a Entomopathogenic fungi.
|
| 650 |
|
0 |
|a Pests
|x Biological control.
|
| 650 |
|
0 |
|a Biotechnology.
|
| 650 |
|
0 |
|a Fungicides.
|
| 650 |
|
0 |
|a Biological insecticides.
|
| 650 |
|
0 |
|a Microorganisms.
|
| 650 |
|
0 |
|a Fruit
|x Diseases and pests.
|
| 700 |
1 |
|
|a Delgado Ospina, Johannes,
|e author.
|
| 791 |
2 |
|
|a Digitalia (Firm),
|e distributor.
|
| 793 |
0 |
|
|g Digitalia eBook Collection:
|a Editorial Bonaventuriana
|
| 776 |
0 |
8 |
|i Print version:
|t Hongos y sus aplicaciones en agroindustria.
|d Colombia, Suramérica : Editorial Bonaventuriana, 2020.
|
| 856 |
4 |
0 |
|3 Digitalia Hispánica
|u https://www.digitaliapublishing.com/a/124985/
|
| 910 |
|
|
|a Premium collection: 2023
|